Statistiques concernant Les batailles mythologiques et antiques

Cliquez ici pour prendre le quiz!

Statistiques générales

  • Ce quiz a été pris 40 fois
  • Le résultat moyen est 5 sur 10

Statistiques - réponses

QuestionRéponse% Correct
Bataille de MarathonRomains
79%
Bataille de CannesPictes
76%
Bataille de PlatéesOttomans
71%
Bataille de SalamineSassanides
68%
Bataille de GergovieAlamans
53%
Guerre du PéloponnèseArgos
50%
Bataille de TroieMèdes
47%
Bataille des ThermopylesAthéniens
41%
Bataille de l'EurymédonMacédoine
18%
Bataille du CrémèreRomains (Julii)
15%

Distribution des résultats

Percentile par nombre de réponses

% des personnes avec chaque résultat

Votre développement - résultats

Vous n’avez pas pris ce quiz